Mystery Song #1 - Statistics

General Stats
  • This quiz has been taken 297 times
  • The average score is 214 of 476
Answer Stats
Lyrics % Correct
I
99%
a
95%
you
95%
the
87%
an
83%
me
80%
Me
80%
when
78%
to
76%
be
75%
do
72%
and
70%
And
70%
can
69%
your
68%
go
66%
my
65%
My
65%
it
64%
no
64%
in
62%
on
62%
so
61%
is
57%
see
55%
Have
48%
have
48%
of
48%
that
48%
like
47%
want
46%
are
45%
how
45%
don't
44%
all
42%
'em
41%
know
41%
by
40%
at
37%
it's
37%
say
37%
take
35%
I'm
33%
Look
33%
look
33%
make
33%
up
33%
with
33%
just
29%
or
29%
out
29%
good
28%
tell
28%
friend
27%
face
26%
show
26%
'Cause
25%
hand
25%
world
24%
their
23%
run
21%
back
20%
De
20%
let
20%
won't
20%
about
18%
anything
17%
die
17%
off
17%
saw
17%
put
16%
read
16%
end
15%
stop
15%
under
15%
cause
14%
even
14%
hands
14%
made
14%
took
14%
friends
13%
keep
13%
new
13%
feels
12%
long
12%
tie
12%
book
11%
money
11%
bike
10%
buy
10%
ride
10%
together
10%
words
10%
alive
9%
knot
9%
open
9%
small
9%
through
9%
guess
8%
handlebars
8%
top
8%
air
7%
control
7%
American
6%
apart
6%
called
6%
hit
6%
livin'
6%
almost
5%
business
5%
cherry
5%
famous
5%
killed
5%
miles
5%
Proud
5%
remote
5%
such
5%
anybody
4%
Colores
4%
comic
4%
driving
4%
future
4%
holocaust
4%
lead
4%
Leif
4%
metronome
4%
microphone
4%
million
4%
planet
4%
platypus
4%
power
4%
rapper
4%
reach
4%
record
4%
scratch
4%
stem
4%
store
4%
survive
4%
telephone
4%
understand
4%
aquatic
3%
assassination
3%
atom
3%
command
3%
computers
3%
conditions
3%
crooked-y
3%
curled
3%
do-si-do
3%
engine
3%
Erikson
3%
exasperation
3%
gallon
3%
gasoline
3%
global
3%
guide
3%
healed
3%
molecule
3%
nation
3%
noble
3%
paths
3%
permission
3%
prison
3%
product
3%
pure
3%
rhythym
3%
satellite
3%
secure
3%
sixty-four
3%
split
3%
strings
3%
system
3%
target
3%
telescope
3%
tower
3%
vaccinations
3%
antibiotics
2%
design
2%
lacerations
2%
Movers
2%
producers
2%
resistance
2%
shakers
2%
thrift
2%
becasue
1%
magazines
1%
missle
1%
microhone
0%
No matching quizzes found
Score Distribution
Percent of People with Each Score
Percentile by Number Answered
Your Score History
You have not taken this quiz